| 000 | 00795nam a2200241Ia 4500 | ||
|---|---|---|---|
| 001 | 2972 | ||
| 003 | GE_BSU | ||
| 008 | 181216s||||||||xx |||||||||||||| ||und|| | ||
| 020 | _a5279017655 | ||
| 040 | _cGE_BSU | ||
| 080 | _a331(075.8)+339.1 | ||
| 100 | _aИ. К. Беляевский, Г.Д. Кулагина, А. В. Короеков. и др. | ||
| 245 | _aстатистика рынка товаров и услуг: Учебник. | ||
| 245 | _cПод. ред. И.К.Беляевского | ||
| 260 | _aМосква | ||
| 260 | _bФинансы и статистика | ||
| 260 | _c1997 | ||
| 300 | _a432 ст. ил. | ||
| 541 | _h10 Л. 05 Т. | ||
| 653 | _aстатистика рынка товаров и услуг | ||
| 653 | _aУчебник | ||
| 942 | _cBK | ||
| 999 |
_c37019 _d37019 |
||